000 00614nam a22001817a 4500
005 20251108165358.0
008 250721s2001 xx 000 0 ara d
082 1 4 _a530/بوش
100 1 _aبوش،
245 1 0 _aالفيزياء العامة :
_bمنهج مكثف وجيز مستوحاة في ملخصات شوم في الفيزياء /
264 1 _aالقاهرة :
_bالدار الدولية،
_c2001.
300 _a152ص
490 0 _aملخصات شوم
650 1 7 _aالفيزياء
650 1 7 _aالفيزياء الكهربية و المغناطيسية
942 _2ddc
_cBK
999 _c26504
_d26504